000 01032nam a2200265 a 4500
999 _c11088
_d11088
001 11088
003 BD-JhCC
005 20210923134021.0
008 190628b 2018bg |||| ||a| 000 0 ben d
020 _a9789845033190
035 _a(BD-JhCC)11088
040 _aBD-JhCC
_dBD-JhCC
041 _aben
082 _a923
_bRUB 2018
100 _aরুবিন, ব্যারি
245 _aইয়াসিন আরাফাত :
_bঅ্যা পলিটিক্যাল বায়োগ্রাফি /
_cরুবিন ব্যারি, জুডিথ কল্প রুবিন, অনুবাদক হাসান বায়োজিদ
260 _aঢাকা:
_bঅন্যধারা;
_c২০১৮.
300 _a৩৭৬ পৃঃ . :
_c২২ সেমি.
600 _aArafat, Yasir
_d1929-2004
650 _aBiography
700 _aরুবিন, জুডিথ কল্প
700 _aবায়োজিদ, হাসান
942 _2ddc
_cBK
_06